00397nam a22001457a 450000500170000000800410001702200130005804100130007108200130008410000130009724500350011026000490014530000320019465000250022620240903052933.0240903b |||||||| |||| 00| 0 eng d a10246991 aEnglish  a349 NAM  lEnglish  aThe Namibian Law Reports 2006  aWindhoek: bLegal Assistance Centre, c2006  bxxvii, 398 pages; c26 cm.  aLegal practice bLaw